Normal view
MARC view
- Riaz Sidique
Entry Corporate Name
001 - CONTROL NUMBER
- control field: 16652
003 - CONTROL NUMBER IDENTIFIER
- control field: NUST
005 - DATE AND TIME OF LATEST TRANSACTION
- control field: 20190704053246.0
008 - FIXED-LENGTH DATA ELEMENTS
- fixed length control field: 190704|| aca||aabn | a|a d
040 ## - CATALOGING SOURCE
- Original cataloging agency: NUST
- Transcribing agency: NUST
110 ## - HEADING--CORPORATE NAME
- Corporate name or jurisdiction name as entry element: Riaz Sidique
670 ## - SOURCE DATA FOUND
- Source citation: Work cat.: (NUST): H. T. Sorly 16651, Shah Abdul Latif Bahtai /, 2003.
